L'Inde pour les touristes... - Facile - Statistiques

Statistiques générales
  • Ce quiz a été pris 11 fois
  • Le résultat moyen est 12 sur 20
Statistiques - réponses
Question Indice Réponses Indice facile % Correct
Quelles sont les langues officielles ? Hindi H
100%
Quelles sont les langues officielles ? Anglais
91%
Combien d'heures (environ) mettrez-vous pour vous y rendre ? (en chiffres) 8
82%
Quelle est la monnaie ? Roupie R
82%
Achats à faire 2/ Accessoire de mode Châle LACHE
73%
Achats à faire 1/ Parfums et... Encens SCENNE
73%
La religion majoritaire est Hindouïsme H
73%
Le suffixe internet est in
73%
Le principal aéroport est N D New Delhi
73%
Achats à faire 3/ Boisson Thé HET
73%
Quelles sont les principaux lieux touristiques ? P Ville de {Pondichéry} CHOPINERDY
73%
Code sur les plaques minéralogiques IND
64%
Dans la capitale quel est le décalage horaire avec Paris ? (+ ou - et chiffre) ex - 10 ou + 3,5 + 3,5
55%
Quel est le régime du pays ? R P République parlementaire
55%
Combien existe-t-il de langues régionales ? {22} langues régionales
45%
Comment se nomme la principale compagnie aérienne locale I IndiGo GOIDIN
45%
Quels sont les climats locaux ? T & S {Tempéré} & {Subtropical}
27%
Quelles sont les principaux lieux touristiques ? M Palais de {Mysore} EROMYS
9%
Quelles sont les principaux lieux touristiques ? C Lac {Chilika} KALICHI
0%
Quelles sont les principaux lieux touristiques ? A Temple d'or à {Amritsar} ARRIMAST
0%
Aucun quiz correspondant
Distribution des résultats
% des personnes avec chaque résultat
Percentile par nombre de réponses
Votre historique - résultats
Vous n’avez pas pris ce quiz